Feed the Future : (Record no. 19693)

000 -LEADER
fixed length control field 01134cam a2200229 i 4500
020 ## - INTERNATIONAL STANDARD BOOK NUMBER
ISBN 1536104140
020 ## - INTERNATIONAL STANDARD BOOK NUMBER
ISBN 9781536104141
040 ## - CATALOGING SOURCE
Transcribing agency YDX
082 04 - DEWEY DECIMAL CLASSIFICATION NUMBER
Classification number 338 MIC 2017 C277 Or.
245 00 - TITLE STATEMENT
Title Feed the Future :
Remainder of title overview, issues and progress of the foreign assistance initiative /
300 ## - PHYSICAL DESCRIPTION
Number of Pages 130 pages :
Other physical details illustrations, maps ;
Dimensions 23 cm.
490 1# - SERIES STATEMENT
Series statement Hunger and poverty: causes, impacts and eradication
520 ## - SUMMARY, ETC.
Summary, etc "The Obama Administration's Feed the Future (FTF) Initiative is a U.S. international development program launched in 2010 that invests in food security and agricultural development activities in a select group of developing countries in an effort to reduce hunger, malnutrition, poverty, and food insecurity. This book provides an overview of the program, as well as issues and progress of the foreign assistance initiative."--Preface.
650 #0 - SUBJECT ADDED ENTRY--TOPICAL TERM
Topical Term Food relief
650 #0 - SUBJECT ADDED ENTRY--TOPICAL TERM
Topical Term Food relief, American
650 #0 - SUBJECT ADDED ENTRY--TOPICAL TERM
Topical Term Economic assistance, American
650 #7 - SUBJECT ADDED ENTRY--TOPICAL TERM
Topical Term Economic assistance, American.
650 #7 - SUBJECT ADDED ENTRY--TOPICAL TERM
Topical Term Food relief, American.
650 #7 - SUBJECT ADDED ENTRY--TOPICAL TERM
Topical Term Food relief
700 1# - ADDED ENTRY--PERSONAL NAME
Personal name Garcia, Antoine,
942 ## - ADDED ENTRY ELEMENTS (KOHA)
Koha item type ADB
952 ## - LOCATION AND ITEM INFORMATION (KOHA)
Withdrawn status [LOCAL, KOHA] 0
952 ## - LOCATION AND ITEM INFORMATION (KOHA)
Withdrawn status [LOCAL, KOHA] 0
952 ## - LOCATION AND ITEM INFORMATION (KOHA)
Withdrawn status [LOCAL, KOHA] 0
952 ## - LOCATION AND ITEM INFORMATION (KOHA)
Withdrawn status [LOCAL, KOHA] 0
952 ## - LOCATION AND ITEM INFORMATION (KOHA)
Withdrawn status [LOCAL, KOHA] 0
Holdings
Source of acquisition Permanent Location Date acquired Koha item type Lost status Shelving location Current Location Full call number
A40876Library Block C2021-02-08ADB C277Library Block C338 MIC 2017 C277 Or.
A40971Library Block C2021-02-08ADB C277Library Block C338 MIC 2017 C277 Or.
A40886Library Block C2021-02-08ADB C277Library Block C338 MIC 2017 C277 Or.
A41106Library Block C2021-02-08ADB C277Library Block C338 MIC 2017 C277 Or.
A41046Library Block C2021-02-08ADB C277Library Block C338 MIC 2017 C277 Or.
មជ្ឈមណ្ឌលឯការនៃសាកលវិទ្យាល័យភូមិន្ទកសិកម្មចំការដូង

Powered by Koha